| 000 | 01151cam a22002174a 4500 | ||
|---|---|---|---|
| 005 | 20250605163934.0 | ||
| 008 | 250528s ||||||||||||||||||||||||d | ||
| 035 | _a14822 | ||
| 020 | _a71009108 | ||
| 040 |
_aGR-AtMCL _bgre _dGR-AtMCL _eAACR2 |
||
| 245 | 1 | _aSocial Cognition / Second Edition | |
| 250 | _a2nd | ||
| 260 |
_bMcgraw Hill Book Company, _c1991 |
||
| 300 | _a718 | ||
| 520 | _aThe current edition shows just how far we have come in understanding how people think about themselves and their social worlds. Foreword, Preface, Introduction, Elements of Social Cognition, Attribution Theory, Attribution Theory: Theoretical Refinements and Empirical Observations, Social Categories and Schemas, Conditions of Schema Use, Social Cognition and the Self, Processes of Social Cognitions, Social Encoding: Attention and Consciousness, Person Memory, Social Inference, Beyond Cognition, Affect and Cognition, Cognitive Approaches to Attitudes, Behavior and Cognition, Conclusion, References, Author and Subject Index. | ||
| 700 | 1 |
_aFiske Susan _9584 |
|
| 700 | 1 |
_aTaylor Shelley E _9585 |
|
| 942 | _cBK | ||
| 999 |
_c436 _d436 |
||